|
|
|
|
| LEADER |
04346nam a2200565 4500 |
| 001 |
978-3-030-31719-5 |
| 003 |
DE-He213 |
| 005 |
20191202192224.0 |
| 007 |
cr nn 008mamaa |
| 008 |
191202s2019 gw | s |||| 0|eng d |
| 020 |
|
|
|a 9783030317195
|9 978-3-030-31719-5
|
| 024 |
7 |
|
|a 10.1007/978-3-030-31719-5
|2 doi
|
| 040 |
|
|
|d GrThAP
|
| 050 |
|
4 |
|a QK900-989
|
| 072 |
|
7 |
|a PSTS
|2 bicssc
|
| 072 |
|
7 |
|a SCI020000
|2 bisacsh
|
| 072 |
|
7 |
|a PST
|2 thema
|
| 082 |
0 |
4 |
|a 581.7
|2 23
|
| 245 |
1 |
4 |
|a The Holocene and Anthropocene Environmental History of Mexico
|h [electronic resource] :
|b A Paleoecological Approach on Mesoamerica /
|c edited by Nuria Torrescano- Valle, Gerald A. Islebe, Priyadarsi D. Roy.
|
| 250 |
|
|
|a 1st ed. 2019.
|
| 264 |
|
1 |
|a Cham :
|b Springer International Publishing :
|b Imprint: Springer,
|c 2019.
|
| 300 |
|
|
|a XIII, 280 p. 94 illus., 74 illus. in color.
|b online resource.
|
| 336 |
|
|
|a text
|b txt
|2 rdacontent
|
| 337 |
|
|
|a computer
|b c
|2 rdamedia
|
| 338 |
|
|
|a online resource
|b cr
|2 rdacarrier
|
| 347 |
|
|
|a text file
|b PDF
|2 rda
|
| 505 |
0 |
|
|a 1) Introduction: The Holocene and Anthropocene Environmental History, of Mexico -- 2) Paleoclimate of the Gulf of California (Northwestern Mexico) during the last 2000 years -- 3) Holocene hydroclimate of the subtropical Mexico: a state of the art -- 4)The Environment of Ancient Cloud Forests in the Mexican Pacific -- 5) Sea level change and its influence on the coastal landscape in the Gulf of Mexico during the Holocene -- 6) Insights into the Holocene environmental history of the highlands in central Mexico -- 7) Integration of landscape approaches for the spatial reconstruction of the vegetation -- 8) Volcanic Activity in Mexico during the Holocene -- 9) Human Influence vs Natural Climate Variability -- 10) Holocene Paleoecology and Paleoclimatology of south and south-eastern Mexico: a palynological approach -- 11) From Calakmul to the Sea: The Historical Ecology of a Classic Maya City that Controlled the Candelaria/Champoton Watersheds -- 12) Lidar at El Pilar: Understanding Vegetation Above and Discovering the Ground Features Below in the Maya Forest.
|
| 520 |
|
|
|a This book provides essential information on Mexico's Holocene and Anthropocene climate and vegetation history. Considering the geography of Mexico - which is home to a variety of climatic and environmental conditions, from desert and tropical to high mountain climates - this book focuses on its postglacial paleoecology and paleoclimatology. Further, it analyses human intervention since the middle Holocene as a major agent of environmental change. Offering a valuable tool for understanding past climate change and its relationship with present climate change, the book is a must-read for botanists, ecologists, palaeontologists and graduate students in related fields.
|
| 650 |
|
0 |
|a Plant ecology.
|
| 650 |
|
0 |
|a Geoecology.
|
| 650 |
|
0 |
|a Environmental geology.
|
| 650 |
|
0 |
|a Geobiology.
|
| 650 |
|
0 |
|a Climatology.
|
| 650 |
|
0 |
|a Climate change.
|
| 650 |
1 |
4 |
|a Plant Ecology.
|0 http://scigraph.springernature.com/things/product-market-codes/L19112
|
| 650 |
2 |
4 |
|a Geoecology/Natural Processes.
|0 http://scigraph.springernature.com/things/product-market-codes/U21006
|
| 650 |
2 |
4 |
|a Biogeosciences.
|0 http://scigraph.springernature.com/things/product-market-codes/G35010
|
| 650 |
2 |
4 |
|a Climatology.
|0 http://scigraph.springernature.com/things/product-market-codes/311000
|
| 650 |
2 |
4 |
|a Climate Change/Climate Change Impacts.
|0 http://scigraph.springernature.com/things/product-market-codes/313000
|
| 700 |
1 |
|
|a Torrescano- Valle, Nuria.
|e editor.
|0 (orcid)0000-0003-0362-2684
|1 https://orcid.org/0000-0003-0362-2684
|4 edt
|4 http://id.loc.gov/vocabulary/relators/edt
|
| 700 |
1 |
|
|a Islebe, Gerald A.
|e editor.
|0 (orcid)0000-0002-9612-7756
|1 https://orcid.org/0000-0002-9612-7756
|4 edt
|4 http://id.loc.gov/vocabulary/relators/edt
|
| 700 |
1 |
|
|a Roy, Priyadarsi D.
|e editor.
|4 edt
|4 http://id.loc.gov/vocabulary/relators/edt
|
| 710 |
2 |
|
|a SpringerLink (Online service)
|
| 773 |
0 |
|
|t Springer eBooks
|
| 776 |
0 |
8 |
|i Printed edition:
|z 9783030317188
|
| 776 |
0 |
8 |
|i Printed edition:
|z 9783030317201
|
| 776 |
0 |
8 |
|i Printed edition:
|z 9783030317218
|
| 856 |
4 |
0 |
|u https://doi.org/10.1007/978-3-030-31719-5
|z Full Text via HEAL-Link
|
| 912 |
|
|
|a ZDB-2-SBL
|
| 950 |
|
|
|a Biomedical and Life Sciences (Springer-11642)
|